<?xml version="1.0" encoding="UTF-8"?>
<record
    xmlns:xsi="http://www.w3.org/2001/XMLSchema-instance"
    xsi:schemaLocation="http://www.loc.gov/MARC21/slim http://www.loc.gov/standards/marcxml/schema/MARC21slim.xsd"
    xmlns="http://www.loc.gov/MARC21/slim">

  <leader>01905nam0a2200301   4500</leader>
  <controlfield tag="001">RU\NLR\bibl\1525413</controlfield>
  <controlfield tag="005">20260407232405.0</controlfield>
  <datafield tag="035" ind1=" " ind2=" ">
    <subfield code="a">(NLR Aleph) 001516761</subfield>
  </datafield>
  <datafield tag="090" ind1=" " ind2=" ">
    <subfield code="a">114908</subfield>
    <subfield code="c">114908</subfield>
  </datafield>
  <datafield tag="100" ind1=" " ind2=" ">
    <subfield code="a">20100621d2005    |||y0rusy50      ca</subfield>
  </datafield>
  <datafield tag="101" ind1="0" ind2=" ">
    <subfield code="a">rus</subfield>
  </datafield>
  <datafield tag="102" ind1=" " ind2=" ">
    <subfield code="a">RU</subfield>
  </datafield>
  <datafield tag="105" ind1=" " ind2=" ">
    <subfield code="a">y   |||||||||</subfield>
  </datafield>
  <datafield tag="200" ind1="1" ind2=" ">
    <subfield code="a">&#x421;&#x430;&#x43C;&#x43E;&#x442;&#x43B;&#x43E;&#x440;&#x441;&#x43A;&#x438;&#x435; &#x43D;&#x43E;&#x447;&#x438;</subfield>
    <subfield code="e">30-&#x43B;&#x435;&#x442;&#x438;&#x44E; &#x444;&#x435;&#x441;&#x442;&#x438;&#x432;&#x430;&#x43B;&#x44F; &#x43F;&#x43E;&#x441;&#x432;&#x44F;&#x449;&#x430;&#x435;&#x442;&#x441;&#x44F;...</subfield>
    <subfield code="e">&#x440;&#x435;&#x43A;&#x43E;&#x43C;&#x435;&#x43D;&#x434;&#x430;&#x442;&#x435;&#x43B;&#x44C;&#x43D;&#x44B;&#x439; &#x431;&#x438;&#x431;&#x43B;&#x438;&#x43E;&#x433;&#x440;&#x430;&#x444;&#x438;&#x447;&#x435;&#x441;&#x43A;&#x438;&#x439; &#x443;&#x43A;&#x430;&#x437;&#x430;&#x442;&#x435;&#x43B;&#x44C;</subfield>
    <subfield code="f">&#x423;&#x43F;&#x440;. &#x43A;&#x443;&#x43B;&#x44C;&#x442;&#x443;&#x440;&#x44B; &#x430;&#x434;&#x43C;&#x438;&#x43D;&#x438;&#x441;&#x442;&#x440;&#x430;&#x446;&#x438;&#x438; &#x433;&#x43E;&#x440;&#x43E;&#x434;&#x430;, &#x41C;&#x443;&#x43D;&#x438;&#x446;&#x438;&#x43F;. &#x443;&#x447;&#x440;&#x435;&#x436;&#x434;&#x435;&#x43D;&#x438;&#x435; "&#x411;&#x438;&#x431;&#x43B;.-&#x438;&#x43D;&#x444;&#x43E;&#x440;&#x43C;. &#x441;&#x438;&#x441;&#x442;&#x435;&#x43C;&#x430;"</subfield>
    <subfield code="g">[&#x441;&#x43E;&#x441;&#x442;.: &#x432;&#x430;&#x43D;&#x44E;&#x436;&#x438;&#x43D;&#x430; &#x412;.&#x421;. &#x438; &#x434;&#x440;.</subfield>
    <subfield code="g">&#x440;&#x435;&#x434;.: &#x420;&#x430;&#x441;&#x43F;&#x43E;&#x43F;&#x43E;&#x432;&#x430; &#x421;.&#x42E;.]</subfield>
  </datafield>
  <datafield tag="210" ind1=" " ind2=" ">
    <subfield code="a">&#x41D;&#x438;&#x436;&#x43D;&#x435;&#x432;&#x430;&#x440;&#x442;&#x43E;&#x432;&#x441;&#x43A;</subfield>
    <subfield code="c">[&#x431;. &#x438;.]</subfield>
    <subfield code="d">2005</subfield>
  </datafield>
  <datafield tag="215" ind1=" " ind2=" ">
    <subfield code="a">52 &#x441;.</subfield>
    <subfield code="d">21</subfield>
  </datafield>
  <datafield tag="601" ind1="0" ind2="2">
    <subfield code="a">"&#x421;&#x430;&#x43C;&#x43E;&#x442;&#x43B;&#x43E;&#x440;&#x441;&#x43A;&#x438;&#x435; &#x43D;&#x43E;&#x447;&#x438;", &#x444;&#x435;&#x441;&#x442;&#x438;&#x432;&#x430;&#x43B;&#x44C; &#x438;&#x441;&#x43A;&#x443;&#x441;&#x441;&#x442;&#x432;</subfield>
    <subfield code="c">&#x41D;&#x438;&#x436;&#x43D;&#x435;&#x432;&#x430;&#x440;&#x442;&#x43E;&#x432;&#x441;&#x43A;, &#x433;&#x43E;&#x440;&#x43E;&#x434;; &#x425;&#x430;&#x43D;&#x442;&#x44B;-&#x41C;&#x430;&#x43D;&#x441;&#x438;&#x439;&#x441;&#x43A;&#x438;&#x439; &#x430;&#x432;&#x442;&#x43E;&#x43D;&#x43E;&#x43C;&#x43D;&#x44B;&#x439; &#x43E;&#x43A;&#x440;&#x443;&#x433;-&#x42E;&#x433;&#x440;&#x430;</subfield>
    <subfield code="j">&#x411;&#x438;&#x431;&#x43B;&#x438;&#x43E;&#x433;&#x440;&#x430;&#x444;&#x438;&#x44F; &#x440;&#x435;&#x43A;&#x43E;&#x43C;&#x435;&#x43D;&#x434;&#x430;&#x442;&#x435;&#x43B;&#x44C;&#x43D;&#x430;&#x44F;</subfield>
    <subfield code="9">2600881</subfield>
    <subfield code="3">RU\NLR\auth\661537439</subfield>
  </datafield>
  <datafield tag="686" ind1=" " ind2=" ">
    <subfield code="a">&#x429;03(2)7&#x43C;</subfield>
  </datafield>
  <datafield tag="702" ind1=" " ind2="1">
    <subfield code="a">&#x412;&#x430;&#x43D;&#x44E;&#x436;&#x438;&#x43D;&#x430;</subfield>
    <subfield code="b">&#x412;. &#x421;.</subfield>
    <subfield code="4">220</subfield>
  </datafield>
  <datafield tag="702" ind1=" " ind2="1">
    <subfield code="a">&#x420;&#x430;&#x441;&#x43F;&#x43E;&#x43F;&#x43E;&#x432;&#x430;</subfield>
    <subfield code="b">&#x421;. &#x42E;.</subfield>
    <subfield code="4">340</subfield>
  </datafield>
  <datafield tag="711" ind1="0" ind2="2">
    <subfield code="a">"&#x421;&#x430;&#x43C;&#x43E;&#x442;&#x43B;&#x43E;&#x440;&#x441;&#x43A;&#x438;&#x435; &#x43D;&#x43E;&#x447;&#x438;", &#x444;&#x435;&#x441;&#x442;&#x438;&#x432;&#x430;&#x43B;&#x44C; &#x438;&#x441;&#x43A;&#x443;&#x441;&#x441;&#x442;&#x432;</subfield>
    <subfield code="c">&#x41D;&#x438;&#x436;&#x43D;&#x435;&#x432;&#x430;&#x440;&#x442;&#x43E;&#x432;&#x441;&#x43A;</subfield>
    <subfield code="3">RU\NLR\AUTH\8810158226</subfield>
    <subfield code="9">811868</subfield>
  </datafield>
  <datafield tag="712" ind1="0" ind2="2">
    <subfield code="4">570</subfield>
    <subfield code="a">"&#x411;&#x438;&#x431;&#x43B;&#x438;&#x43E;&#x442;&#x435;&#x447;&#x43D;&#x43E;-&#x438;&#x43D;&#x444;&#x43E;&#x440;&#x43C;&#x430;&#x446;&#x438;&#x43E;&#x43D;&#x43D;&#x430;&#x44F; &#x441;&#x438;&#x441;&#x442;&#x435;&#x43C;&#x430;", &#x43D;&#x438;&#x436;&#x43D;&#x435;&#x432;&#x430;&#x440;&#x442;&#x43E;&#x432;&#x441;&#x43A;&#x43E;&#x435; &#x43C;&#x443;&#x43D;&#x438;&#x446;&#x438;&#x43F;&#x430;&#x43B;&#x44C;&#x43D;&#x43E;&#x435; &#x443;&#x447;&#x440;&#x435;&#x436;&#x434;&#x435;&#x43D;&#x438;&#x435;</subfield>
    <subfield code="3">RU\NLR\AUTH\8810035489</subfield>
    <subfield code="9">569330</subfield>
  </datafield>
  <datafield tag="801" ind1=" " ind2="0">
    <subfield code="a">RU</subfield>
    <subfield code="b">NLR</subfield>
    <subfield code="c">20100621</subfield>
    <subfield code="g">RCR</subfield>
  </datafield>
  <datafield tag="801" ind1=" " ind2="1">
    <subfield code="a">RU</subfield>
    <subfield code="b">NLR</subfield>
    <subfield code="c">20100621</subfield>
  </datafield>
  <datafield tag="830" ind1=" " ind2=" ">
    <subfield code="a">&#x441;&#x43E;&#x441;&#x442;., &#x440;&#x435;&#x434;. &#x432; &#x43A;&#x430;&#x442;. &#x43D;&#x435;&#x442;</subfield>
  </datafield>
  <datafield tag="942" ind1=" " ind2=" ">
    <subfield code="c">BOOK</subfield>
  </datafield>
  <datafield tag="980" ind1=" " ind2=" ">
    <subfield code="a">NB</subfield>
  </datafield>
  <datafield tag="995" ind1=" " ind2=" ">
    <subfield code="5">2010-06-21</subfield>
    <subfield code="a">ab</subfield>
    <subfield code="b">NLR01</subfield>
    <subfield code="c">NLR01</subfield>
    <subfield code="e">CSB</subfield>
    <subfield code="f">1-1182540</subfield>
    <subfield code="k">&#x421; 2010-2/364</subfield>
    <subfield code="o">0</subfield>
    <subfield code="r">BOOK</subfield>
    <subfield code="s">_20102364</subfield>
  </datafield>
</record>
